| 000 | 00674nam a2200193Ii 4500 | ||
|---|---|---|---|
| 001 | 19861 | ||
| 003 | CO-ViMGA | ||
| 008 | 241108s9999||||xx |||||||||||||| ||und|| | ||
| 040 |
_aCO-ViMGA _bspa _erda _cCO-ViMGA |
||
| 041 | 0 | _aspa | |
| 082 | 0 | 4 | _a303.609861 B17 |
| 245 | 1 | 0 |
_aBasta ya! Colombia [grabación sonora] : _bmemorias de guerra y dignidad : libro hablado |
| 264 | 1 | _aBogotá, Colombia : Centro Nacional de Memoria Histórica : INCI, [Fecha de publicación no identificada] | |
| 300 | _avolumen | ||
| 336 |
_atext _btxt _2rdacontent |
||
| 337 |
_aunmediated _bn _2rdamedia |
||
| 338 |
_avolume _bnc _2rdacarrier |
||
| 940 | _aidficha_siabuc: 19517. -- ficha_no_siabuc:19861 | ||
| 999 |
_c47685 _d47685 |
||